|
|
|
|
| LEADER |
00842nam a2200193 i 4500 |
| 003 |
GR-PaULI |
| 005 |
20240920114049.0 |
| 008 |
210303s1959 gr |||g |||| 000 0 gre d |
| 952 |
|
|
|0 0
|1 0
|2 ddc
|4 0
|6 889_309000000000000_ΦΟΥ
|7 0
|9 323929
|a LISP
|b LISP
|c DON
|d 2021-03-03
|e ΠΑΤ
|i 146243
|l 0
|o 889.309 ΦΟΥ
|p 025000272565
|r 2021-03-03 00:00:00
|t 1
|w 2021-03-03
|y BKN
|
| 999 |
|
|
|c 181976
|d 181976
|
| 040 |
|
|
|a GR-PaULI
|b gre
|c GR-PaULI
|e AACR2
|
| 082 |
0 |
4 |
|2 23
|a 889.309
|
| 100 |
1 |
|
|a Φουριώτης, Άγγελος
|d 1914-1999
|e συγγραφέας.
|9 7485
|
| 245 |
1 |
3 |
|a Το μυθιστόρημα /
|c Άγγελου Δ. Φουριώτη.
|
| 260 |
|
|
|a Αθήνα :
|b Δίφρος,
|c 1959.
|
| 300 |
|
|
|a 368, [2] σ. ;
|c 24 εκ.
|
| 650 |
|
4 |
|9 8665
|a Μυθιστόρημα
|x Ιστορία και κριτική.
|
| 942 |
|
|
|2 ddc
|c BKN
|
| 998 |
|
|
|c ΒΑΣΙΛΕΙΟΥ
|d 2021-03
|